000 01134nam a2200253Ia 4500
003 IN-BaIIA
008 211028s9999 xx 000 0 eng d
020 _a0-902553-29-1
040 _cIIA Library
080 _a524.5(063)
_bLAB
111 _aWorkshop on Laboratory and Observational Infrared Spectra of Interstellar Dust
_cUS
_d1983 July 18-20
_913443
245 0 _aLaboratory and observational infrared spectra of interstellar dust
_bproceedings of the workshop on laboratory and observational infrared spectra of interstellar dust held in Hilo, Hawaii, US, 18-20 July 1983
_cedited by R. D. Wolstencroft and Mayo J. Greenberg
260 _aEdingburgh
_bRoyal Observatory
_c1984
300 _avii, 174p.
490 _aOccasional reports of the Royal Observatory; no.12
650 _aAstronomy and astrophysics thesaurus
650 _aInfrared spectra
_95635
650 _aInterstellar dust
_95398
650 _aInterstellar medium
_93375
700 _aGreenberg, Mayo J., ed.
_97680
700 _aWolstencroft, R. D., ed.
_913444
710 _aRoyal Observatory
_913445
942 _cBK
999 _c7973
_d7973